[Event "Hastings Masters 2018-19"]
[Site "Hastings ENG"]
[Date "2019.01.04"]
[Round "8.36"]
[White "Kearsley, Raymond J"]
[Black "Witt, Holger"]
[Result "1/2-1/2"]
[WhiteElo "1537"]
[BlackElo "1567"]
[WhiteFideId "470562"]
[BlackFideId "24678139"]
[EventDate "2018.12.28"]

1. e4 e6 2. d4 d5 3. Nc3 Bb4 4. Bd2 Ne7 5. e5 c5 6. a3 Bxc3 7. Bxc3 b6 8. f4 Ba6
9. Bd3 Bxd3 10. Qxd3 Nbc6 11. Nf3 Nf5 12. O-O cxd4 13. Nxd4 Ncxd4 14. Bxd4 Nxd4
15. Qxd4 Rc8 16. f5 Rc4 17. Qd3 O-O 18. f6 Qc7 19. Qg3 g6 20. c3 h5 21. Rae1 Rg4
22. Qd3 Qc4 23. Qd2 Kh7 24. Rf3 Rc8 25. h3 Re4 26. Rxe4 Qxe4 27. Re3 Qh4 28. b3
Rc7 29. Re2 Qg3 30. Re3 Qh4 31. Re2 1/2-1/2

[Event "Hastings Masters 2018-19"]
[Site "Hastings ENG"]
[Date "2019.01.04"]
[Round "8.37"]
[White "Carulla Pons, Carlos"]
[Black "Park, Sijoon"]
[Result "1-0"]
[WhiteElo "1780"]
[BlackElo "1243"]
[WhiteFideId "24571768"]
[BlackFideId "13207296"]
[EventDate "2018.12.28"]

1. Nf3 Nf6 2. g3 g6 3. Bg2 Bg7 4. d4 O-O 5. O-O d5 6. Nbd2 Nbd7 7. e3 e6 8. b3
b6 9. Bb2 Bb7 10. Rc1 Rc8 11. Qe2 c5 12. c4 cxd4 13. Nxd4 Nc5 14. Rfd1 Re8 15.
N2f3 Qe7 16. Ne5 Nfd7 17. Nef3 dxc4 18. bxc4 Nf6 19. Nb5 Red8 20. Be5 Rd7 21.
Bd6 Qe8 22. Ne5 Nfe4 23. Nxd7 Nxd7 24. Qc2 f5 25. Ba3 Rd8 26. Bb2 Bxb2 27. Qxb2
Ndc5 28. Rxd8 Qxd8 29. Qd4 Qxd4 30. exd4 Nd3 31. Rc2 Kf7 32. Bxe4 Bxe4 33. Nd6+ 1-0

[Event "Hastings Masters 2018-19"]
[Site "Hastings ENG"]
[Date "2019.01.04"]
[Round "8.38"]
[White "Choi, Shinwoo"]
[Black "Stoyanov, Boris"]
[Result "0-1"]
[WhiteElo "1219"]
[BlackElo "1583"]
[WhiteFideId "13209892"]
[BlackFideId "456462"]
[EventDate "2018.12.28"]

1. e4 c5 2. Nf3 g6 3. d4 Bg7 4. Bc4 cxd4 5. Nxd4 Nc6 6. Nb3 Nf6 7. Nc3 O-O 8.
O-O a6 9. a4 d6 10. Be3 Qc7 11. f4 e5 12. Qd2 Be6 13. Bd5 Ng4 14. h3 Nxe3 15.
Qxe3 Nd4 16. Qd3 Rac8 17. Rac1 Rfe8 18. Nxd4 exd4 19. Ne2 Bxd5 20. exd5 Re3 21.
Qd2 Qb6 22. b3 d3 23. Kh1 dxe2 24. Rf3 Rxf3 25. gxf3 Qf2 26. c4 Qxf3+ 27. Kh2 0-1

[Event "Hastings Masters 2018-19"]
[Site "Hastings ENG"]
[Date "2019.01.05"]
[Round "9.4"]
[White "Kjartansson, Gudmundur"]
[Black "Petrov, Martin"]
[Result "1/2-1/2"]
[WhiteTitle "IM"]
[BlackTitle "IM"]
[WhiteElo "2424"]
[BlackElo "2472"]
[WhiteFideId "2301318"]
[BlackFideId "2911086"]
[EventDate "2018.12.28"]

1. d4 Nf6 2. c4 e6 3. Nf3 d5 4. Nc3 c5 5. cxd5 Nxd5 6. e3 Nc6 7. Bd3 cxd4 8.
exd4 Be7 9. O-O O-O 10. Re1 Bf6 11. Be4 Nce7 12. h4 Bd7 13. Qd3 g6 14. Bh6 Bg7
15. Bxg7 Kxg7 16. Bxd5 Nxd5 17. Nxd5 exd5 18. h5 Bg4 19. hxg6 hxg6 20. Re5 Rh8
21. Ng5 Rh5 22. f4 Qd6 23. Qe3 Rah8 24. Kf2 Rc8 25. Re7 Rc2+ 26. Kg1 Rxg5 27.
fxg5 Re2 28. Qxe2 Bxe2 29. Rxe2 Qf4 30. Rd1 Qg4 31. Rdd2 Qxg5 32. Rc2 Qf4 33.
Rf2 Qxd4 34. Rc7 Qd1+ 35. Rf1 Qd4+ 36. Rf2 Qd1+ 37. Rf1 1/2-1/2

[Event "Hastings Masters 2018-19"]
[Site "Hastings ENG"]
[Date "2019.01.05"]
[Round "9.6"]
[White "Leenhouts, Koen"]
[Black "Royset, Pal"]
[Result "1-0"]
[WhiteTitle "IM"]
[WhiteElo "2460"]
[BlackElo "2165"]
[WhiteFideId "1008439"]
[BlackFideId "1501330"]
[EventDate "2018.12.28"]

1. d4 d5 2. c4 e6 3. Nc3 Nf6 4. cxd5 exd5 5. Bg5 c6 6. e3 Bf5 7. Qf3 Bg6 8. Bxf6
Qxf6 9. Qxf6 gxf6 10. Nge2 Nd7 11. O-O-O Nb6 12. Ng3 Nc8 13. h4 h6 14. Bd3 Bxd3
15. Rxd3 Nd6 16. e4 dxe4 17. Ncxe4 Nxe4 18. Re1 O-O-O 19. Rxe4 Rg8 20. Rf3 Rd6
21. Kc2 Kd7 22. Ref4 Be7 23. Nf5 Re6 24. g3 Bf8 25. Ne3 Bg7 26. Kd3 Rd8 27. b4
Ke8 28. a3 Kf8 29. Nf5 h5 30. g4 hxg4 31. Rxg4 Bh8 32. Rfg3 Ke8 33. Rg8+ Kd7 34.
Rxd8+ Kxd8 35. Rg8+ Re8 36. Rxe8+ Kxe8 37. h5 Kd7 38. h6 b6 39. a4 Ke6 40. Ke4
a5 41. bxa5 bxa5 42. f3 Kd7 43. d5 cxd5+ 44. Kxd5 1-0

[Event "Hastings Masters 2018-19"]
[Site "Hastings ENG"]
[Date "2019.01.05"]
[Round "9.11"]
[White "Nettleton, Charlie B"]
[Black "Petrov, Vladimir Sergeev"]
[Result "0-1"]
[BlackTitle "IM"]
[WhiteElo "2050"]
[BlackElo "2365"]
[WhiteFideId "419710"]
[BlackFideId "2902940"]
[EventDate "2018.12.28"]

1. e4 c5 2. Nf3 d6 3. d4 cxd4 4. Nxd4 Nf6 5. Nc3 a6 6. h3 e5 7. Nde2 h5 8. g3
Be6 9. Bg2 Nbd7 10. a4 Rc8 11. Be3 Nb6 12. b3 Be7 13. O-O O-O 14. a5 Na8 15. Nd5
Nxd5 16. exd5 Bf5 17. c4 Bg5 18. Qd2 Bxe3 19. Qxe3 Nc7 20. b4 Qd7 21. Kh2 Ne8
22. Rfc1 Nf6 23. Bf1 h4 24. Nc3 hxg3+ 25. fxg3 Kh7 26. Qg5 Rh8 27. g4 Bg6 28.
Be2 Kg8 29. Rf1 Nh7 30. Qe3 Qe7 31. Ne4 Bxe4 32. Qxe4 Ng5 33. Qf5 Rxh3+ 34. Kg2
Re8 35. c5 Re3 36. Ra2 Ne4 37. Rf3 g6 38. cxd6 Nxd6 39. Qf6 Rxf3 40. Qxf3 Rc8
41. Qe3 Kg7 42. Ra1 Nc4 43. Qc3 Qg5 44. Bxc4 Qxg4+ 45. Kf2 Qf4+ 0-1

[Event "Hastings Masters 2018-19"]
[Site "Hastings ENG"]
[Date "2019.01.05"]
[Round "9.12"]
[White "Kalavannan, Koby"]
[Black "Taylor, Adam A"]
[Result "1/2-1/2"]
[WhiteTitle "FM"]
[WhiteElo "2339"]
[BlackElo "2122"]
[WhiteFideId "425753"]
[BlackFideId "415790"]
[EventDate "2018.12.28"]

1. d4 Nf6 2. Nf3 e6 3. c4 Bb4+ 4. Nbd2 O-O 5. a3 Be7 6. e4 d6 7. Bd3 Nbd7 8. b4
a5 9. bxa5 e5 10. Nb3 exd4 11. Nfxd4 Nc5 12. Nxc5 dxc5 13. Nb3 Bd7 14. e5 Ne8
15. Be4 Qc8 16. Be3 Bg4 17. Qd2 Qe6 18. Bxb7 Ra7 19. Bd5 Qxe5 20. O-O Nf6 21.
Nxc5 Bd6 22. f4 Qe7 23. Nb7 Ra6 24. Nxd6 Nxd5 25. cxd5 Qxd6 26. Rfc1 Rd8 27. Rc5
h5 28. Qc3 Rda8 29. Rb1 Bf5 30. Rb7 Be4 31. Qd4 Qg6 32. g3 h4 33. Rb4 Bf3 34.
Kf2 hxg3+ 35. hxg3 Qh5 36. d6 Qh1 37. Qb2 Rxd6 38. Rc1 Qg2+ 39. Ke1 Qh1+ 40. Kf2
Qg2+ 41. Ke1 Qxg3+ 42. Qf2 Qh3 43. Rd4 Rxd4 44. Bxd4 Re8+ 45. Be3 Bh5 46. Kd2
Qd7+ 47. Kc3 Bg6 48. Qd2 Qc6+ 49. Kb2 Rb8+ 50. Ka1 Qe4 51. Qe1 Qa4 52. Bc5 Rb3
53. Qe7 Rh3 54. Bb4 Qb3 55. Qe2 Bf5 56. Qb2 Qd3 57. Bc3 Qe3 58. Qd2 Qxd2 1/2-1/2

[Event "Hastings Masters 2018-19"]
[Site "Hastings ENG"]
[Date "2019.01.05"]
[Round "9.21"]
[White "Anderson, John"]
[Black "Graham, Cassie M"]
[Result "1-0"]
[WhiteElo "2163"]
[BlackElo "1889"]
[WhiteFideId "405353"]
[BlackFideId "432644"]
[EventDate "2018.12.28"]

1. e4 c5 2. Nf3 d6 3. Bb5+ Bd7 4. Bxd7+ Qxd7 5. c4 Nf6 6. Nc3 g6 7. d4 cxd4 8.
Nxd4 Bg7 9. b3 O-O 10. Bb2 a6 11. O-O Nc6 12. Nxc6 bxc6 13. Na4 Qc7 14. Qe2 Nd7
15. Rfd1 Bxb2 16. Qxb2 f5 17. Qd4 fxe4 18. Qxe4 Rf7 19. Rd2 Raf8 20. Qe3 Nf6 21.
h3 Nh5 22. Nc3 Ng7 23. Ne4 Rf5 24. Ng3 R5f6 25. Re2 R6f7 26. Rae1 Rd8 27. Qc3
Qa7 28. Qe3 Qc7 29. Ne4 Nf5 30. Qd3 e5 31. Ng5 Re7 32. Nf3 Rde8 33. Qe4 Ng7 34.
Rd1 Ne6 35. Red2 Nc5 36. Qh4 Nb7 37. Ng5 Rf8 38. g3 a5 39. Ne4 Re6 40. Qg4 Qe7
41. h4 h6 42. Rd3 Kg7 43. R1d2 Rd8 44. a3 Ra8 45. Qd1 Rd8 46. b4 axb4 47. axb4
d5 48. cxd5 cxd5 49. Rxd5 Rxd5 50. Rxd5 Qxb4 51. Rd7+ Re7 52. Qd5 Kf8 53. Nf6
Rxd7 54. Nxd7+ Ke7 55. Nxe5 Qb1+ 56. Kg2 Nd6 57. Ng4 Qf5 58. Qd4 Nf7 59. Nxh6
Nxh6 60. Qe3+ Kf7 61. Qxh6 Qd5+ 62. Kh2 Qa2 63. Qf4+ Kg7 64. g4 Qe2 65. Qd4+ Kf7
66. Kg3 Qf1 67. Qd5+ Kg7 68. g5 Qg1+ 69. Qg2 Qb1 70. Kh2 Qb4 71. Qg3 Qc5 72. Qf4
Qc2 73. Qf6+ Kg8 74. h5 Qc7+ 75. Kh3 Qc8+ 76. Kh4 Qc4+ 77. f4 gxh5 78. Qg6+ Kf8
79. Qf5+ Kg8 80. g6 Qa2 81. Kg5 Qc4 82. Kh6 h4 83. Qe5 1-0

[Event "Hastings Masters 2018-19"]
[Site "Hastings ENG"]
[Date "2019.01.05"]
[Round "9.31"]
[White "Royal, Shreyas"]
[Black "Heinsohn, Michael"]
[Result "1/2-1/2"]
[WhiteTitle "CM"]
[WhiteElo "1892"]
[BlackElo "1961"]
[WhiteFideId "448869"]
[BlackFideId "4665546"]
[EventDate "2018.12.28"]

1. d4 Nf6 2. c4 g6 3. Nc3 d5 4. cxd5 Nxd5 5. e4 Nxc3 6. bxc3 Bg7 7. Ba3 Nd7 8.
Nf3 c5 9. Qd2 Qa5 10. Bb2 cxd4 11. cxd4 Qxd2+ 12. Kxd2 O-O 13. Bd3 Nc5 14. Ba3
Nxd3 15. Kxd3 b6 16. Bxe7 Ba6+ 17. Ke3 Rfe8 18. Bg5 f6 19. Bf4 Bb7 20. Nd2 g5
21. Bc7 f5 22. e5 Bh6 23. f3 Rac8 24. Rac1 Bf8 25. Nb3 g4 26. Rhg1 Bd5 27. Rc2
Ba3 28. Kd3 Kf7 29. Nd2 Re7 30. Nb1 gxf3 31. gxf3 Bxf3 32. Nxa3 Rexc7 33. Rxc7+
Rxc7 1/2-1/2

[Event "Hastings Masters 2018-19"]
[Site "Hastings ENG"]
[Date "2019.01.05"]
[Round "9.33"]
[White "Ruane, Brendan J"]
[Black "Barton, R Alan"]
[Result "1-0"]
[WhiteElo "1874"]
[BlackElo "1991"]
[WhiteFideId "430218"]
[BlackFideId "404233"]
[EventDate "2018.12.28"]

1. d3 d5 2. Nf3 Nf6 3. Nbd2 Bg4 4. c3 c6 5. a4 a5 6. e4 e6 7. Be2 Nbd7 8. e5 Ng8
9. d4 Ne7 10. O-O Ng6 11. h3 Bxf3 12. Nxf3 Be7 13. Bd3 O-O 14. Qe2 Re8 15. Bd2
Ndf8 16. Rae1 f5 17. g3 h6 18. Nh2 Nh8 19. f4 Nf7 20. Kh1 g6 21. Rg1 Kh8 22. Rg2
Qb6 23. Be3 Nh7 24. g4 Rg8 25. Nf3 Raf8 26. Reg1 Qd8 27. Qc2 b6 28. Qf2 Qe8 29.
b3 Qd8 30. h4 h5 31. gxh5 gxh5 32. Ng5 Nhxg5 33. hxg5 Kg7 34. Rh2 Rh8 35. Rg3
Qe8 36. Rgh3 Nd8 37. Be2 h4 38. Rxh4 Rxh4 39. Qxh4 Rh8 40. Qxh8+ Qxh8 41. Rxh8
Kxh8 42. Kh2 Kg7 43. Bh5 Kf8 44. Kh3 c5 45. Kh4 Nc6 46. Be2 cxd4 47. cxd4 Nb4
48. Kh5 Kg7 49. Bb5 Nc2 50. Bf2 Bb4 51. Bd7 Bc3 52. Bxe6 Bxd4 53. Bxd4 Nxd4 54.
Bc8 Ne2 55. Bxf5 Nxf4+ 56. Kg4 Ne2 57. Bd7 Nd4 58. e6 Kf8 59. g6 Nxb3 60. g7+
Kxg7 61. e7 1-0

[Event "Hastings Masters 2018-19"]
[Site "Hastings ENG"]
[Date "2019.01.05"]
[Round "9.34"]
[White "Trevelyan, John"]
[Black "Metcalfe, Charlie P"]
[Result "1/2-1/2"]
[WhiteElo "1996"]
[BlackElo "1743"]
[WhiteFideId "1800922"]
[BlackFideId "443883"]
[EventDate "2018.12.28"]

1. Nf3 d5 2. d4 Nf6 3. c4 dxc4 4. e3 e6 5. Bxc4 a6 6. O-O c5 7. dxc5 Bxc5 8.
Qxd8+ Kxd8 9. Nc3 Nc6 10. e4 h6 11. e5 Nd7 12. Ne4 Ncxe5 13. Nxe5 Nxe5 14. Rd1+
Ke7 15. Be2 Ba7 16. b3 f5 17. Ba3+ Kf7 18. Nd6+ Kg6 19. Rac1 Bb6 20. Bb2 Ng4 21.
Bxg4 fxg4 22. Rc4 h5 23. Nxc8 Raxc8 24. Rd6 Rxc4 25. bxc4 Rd8 26. Rxd8 Bxd8 27.
f3 gxf3 28. gxf3 Bf6 29. Ba3 Kf5 30. Bd6 Be5 31. Bc5 Bc3 32. Bf8 g6 33. Kf2 Bd4+
34. Ke2 Bg1 35. h4 Bd4 36. Bd6 Be5 37. Bc5 Bf4 38. Bf2 Ke5 39. Kd3 Kd6 40. Ke4
Bg5 41. Kd4 Be7 42. Ke4 e5 43. f4 Ke6 44. Be1 exf4 45. Kxf4 Kd6 46. Bf2 Kc6 47.
Ke4 b5 48. cxb5+ axb5 49. Kd3 Kd5 50. Bg3 Kc5 51. Be1 g5 52. hxg5 Bxg5 53. Ke4
h4 54. Kf3 Kc4 55. Kg2 Kd3 56. Bb4 Kc2 57. Kh3 Kb2 58. a3 Kb3 59. Kg4 Bf6 60.
Kh3 Bc3 61. Be7 Be1 62. Bd6 Bg3 63. Bb4 Kc2 64. Be7 Kd3 65. Bb4 Kc4 66. Kg4 Kb3
67. Kh3 Bf2 68. Kg4 Kc4 69. Ba5 Bc5 70. Kxh4 Bxa3 71. Kg4 Bb4 72. Bc7 Bc5 73.
Ba5 Kb3 74. Kf3 Ka4 75. Bd2 Bb4 76. Bf4 1/2-1/2

[Event "Hastings Masters 2018-19"]
[Site "Hastings ENG"]
[Date "2019.01.05"]
[Round "9.35"]
[White "Witt, Holger"]
[Black "Butt, Laurence"]
[Result "0-1"]
[WhiteElo "1567"]
[BlackElo "1635"]
[WhiteFideId "24678139"]
[BlackFideId "440884"]
[EventDate "2018.12.28"]

1. d4 f5 2. Bg5 d5 3. Nc3 c6 4. e3 Nd7 5. Bd3 Ndf6 6. Nh3 Ne4 7. Bxe4 fxe4 8.
Nf4 Qd6 9. Bh4 Nf6 10. Bxf6 Qxf6 11. Qh5+ g6 12. Qd1 Bh6 13. Qd2 O-O 14. O-O-O
Bxf4 15. exf4 Qxf4 16. h3 Qxd2+ 17. Rxd2 b5 18. Nd1 Bd7 19. Ne3 Rf4 20. g3 Rf3
21. g4 Raf8 22. Nd1 Kg7 23. b3 0-1

[Event "Hastings Masters 2018-19"]
[Site "Hastings ENG"]
[Date "2019.01.05"]
[Round "9.36"]
[White "Stoyanov, Boris"]
[Black "Kearsley, Raymond J"]
[Result "1/2-1/2"]
[WhiteElo "1583"]
[BlackElo "1537"]
[WhiteFideId "456462"]
[BlackFideId "470562"]
[EventDate "2018.12.28"]

1. d4 d5 2. Bf4 Nf6 3. e3 e6 4. Nf3 Bd6 5. Bxd6 cxd6 6. Nbd2 O-O 7. Bd3 Nc6 8.
c3 e5 9. Bc2 e4 10. Ng1 Ng4 11. Ne2 f5 12. h3 Nf6 13. O-O Qe8 14. b4 Nh5 15. Nf4
Nxf4 16. exf4 Be6 17. Re1 h6 18. f3 Qg6 19. Re3 Rf6 20. Qe2 Rc8 21. Rf1 Nxd4 22.
cxd4 Rxc2 23. Ra3 a6 24. Rb1 exf3 25. Rxf3 Rf8 26. a3 Bd7 27. Kh2 Bb5 28. Qd1
Rfc8 29. Rg3 Qe6 30. Nf3 Qe4 31. Qe1 Re2 32. Qg1 Qxf4 33. Re1 Rcc2 34. Rf1 Qe4
35. Rg6 Bd3 36. Kh1 f4 37. Rxd6 Rxg2 38. Qxg2 Rxg2 39. Kxg2 Qe2+ 40. Rf2 Qe7 41.
Rxd5 Be4 42. Re5 Bxf3+ 43. Rxf3 Qf7 44. h4 Qg6+ 45. Kh3 Qf6 46. Kg4 Kh7 47. Rxf4
Qg6+ 48. Kf3 Qd3+ 49. Re3 Qf1+ 50. Ke4 Qh1+ 51. Ke5 Qh2 52. Ke4 Qh1+ 53. Ref3
Qb1+ 54. Kd5 Qg6 55. Rf5 Qc6+ 56. Ke5 Qe8+ 57. Kf4 Qe7 58. h5 Qd6+ 59. Ke4 Qe6+
60. Re5 Qg4+ 61. Rf4 Qg2+ 62. Rf3 Qc2+ 63. Rd3 Qe2+ 64. Re3 Qc2+ 65. Kf4 Qf2+
66. Kg4 Qg1+ 67. Kf5 Qf2+ 68. Ke6 Qf6+ 69. Kd7 Qc6+ 70. Ke7 Qf6+ 71. Kd7 1/2-1/2

[Event "Hastings Masters 2018-19"]
[Site "Hastings ENG"]
[Date "2019.01.05"]
[Round "9.37"]
[White "Rahulan, Thivyaa"]
[Black "Choi, Shinwoo"]
[Result "1-0"]
[WhiteElo "1814"]
[BlackElo "1219"]
[WhiteFideId "431940"]
[BlackFideId "13209892"]
[EventDate "2018.12.28"]

1. e4 c5 2. Nf3 e6 3. d4 cxd4 4. Nxd4 a6 5. Bd3 Qc7 6. O-O Nf6 7. Nb3 d5 8. exd5
Nxd5 9. Re1 Nf6 10. Nc3 Bd6 11. h3 O-O 12. Be3 Nbd7 13. Ne4 Nxe4 14. Bxe4 Nf6
15. Bd3 b5 16. Bg5 Be5 17. c3 h6 18. Be3 Bb7 19. Nc5 Nd5 20. Nxb7 Qxb7 21. Bxh6
Nxc3 22. bxc3 Bxc3 23. Bf4 Rad8 24. Qe2 Bxa1 25. Rxa1 f6 26. Bg6 Qd5 27. Qg4 Qd4
28. Re1 f5 29. Qh5 Rf6 30. Qh7+ Kf8 31. Qh8+ Ke7 32. Qxg7+ 1-0

[Event "Hastings Masters 2018-19"]
[Site "Hastings ENG"]
[Date "2019.01.05"]
[Round "9.38"]
[White "Park, Sijoon"]
[Black "Wilson, Matthew R"]
[Result "1/2-1/2"]
[WhiteElo "1243"]
[BlackElo "1822"]
[WhiteFideId "13207296"]
[BlackFideId "423459"]
[EventDate "2018.12.28"]

1. d4 Nf6 2. Bf4 d5 3. e3 e6 4. Nf3 c5 5. c3 Nc6 6. Nbd2 cxd4 7. exd4 Nh5 8. Bg3
Be7 9. Bb5 Nxg3 10. fxg3 Bd7 11. O-O O-O 12. Nb3 f6 13. Re1 a6 14. Bd3 Qe8 15.
Rc1 Bd6 16. c4 Nb4 17. cxd5 Nxd5 18. a3 Ba4 19. Bc4 Qd7 20. Qd2 b6 21. Qd3 Kh8
22. Qe4 Nc7 23. Bxe6 Nxe6 24. Qxe6 Rac8 25. Qxd7 Bxd7 26. Nbd2 Kg8 27. Nc4 Bc7
28. Re7 Rf7 29. Rxd7 Rxd7 30. Nxb6 Bxb6 31. Rxc8+ Kf7 32. Rc4 g5 33. g4 h5 34.
h3 hxg4 35. hxg4 Ke6 36. Rc6+ Rd6 37. Rxd6+ Kxd6 38. Kf2 a5 39. Ke3 Kd5 40. Kd3
a4 41. Nd2 Bxd4 42. b3 axb3 43. Nxb3 Bb6 44. a4 Ke5 45. a5 Ba7 46. g3 f5 47.
gxf5 Kxf5 48. Nd2 Kg4 49. Ne4 Kf5 50. Nxg5 Kxg5 51. a6 Kg4 52. Kc4 Kxg3 53. Kb5
Kf4 54. Kc6 Ke5 55. Kb7 Bg1 56. a7 Bxa7 57. Kxa7 1/2-1/2

[Event "Hastings Masters 2018-19"]
[Site "Hastings ENG"]
[Date "2019.01.06"]
[Round "10.1"]
[White "Gormally, Daniel W"]
[Black "Kjartansson, Gudmundur"]
[Result "1/2-1/2"]
[WhiteTitle "GM"]
[BlackTitle "IM"]
[WhiteElo "2481"]
[BlackElo "2424"]
[WhiteFideId "406465"]
[BlackFideId "2301318"]
[EventDate "2018.12.28"]

1. e4 c5 2. Nf3 Nc6 3. Bb5 g6 4. O-O Bg7 5. Nc3 e5 6. Bxc6 bxc6 7. d3 Ne7 8. a3
O-O 9. b4 cxb4 10. axb4 d5 11. h3 f5 12. Re1 d4 13. Na4 fxe4 14. dxe4 h6 15. c3
dxc3 16. Qxd8 Rxd8 17. Nxc3 Nf5 18. Na4 Rb8 19. exf5 e4 20. Bf4 Rb5 21. f6 Bxf6
22. Nd2 g5 23. Be3 Bxa1 24. Rxa1 Rxb4 25. Nc5 a6 26. Ndxe4 Bf5 27. Nc3 Rc4 28.
Ne2 Re8 29. Nb3 c5 30. Ng3 Bc2 31. Nxc5 Rxe3 32. fxe3 Rxc5 33. Rxa6 Kh7 34. e4
Re5 35. Ra2 Rc5 36. Ra7+ Kg6 37. Ra6+ Kh7 38. Nh5 Re5 39. Ra7+ Kh8 40. Ra6 Bxe4
41. Rxh6+ Kg8 42. Rb6 Kf7 43. Ng3 Ba8 44. Ra6 Bb7 45. Ra7 Rb5 46. Ra2 Kg6 47.
Rd2 Bd5 48. Nf1 Kf6 49. Ne3 Be6 50. Kf2 Rb4 51. Nd1 g4 52. h4 g3+ 53. Kxg3 Rg4+
54. Kf3 Rxh4 55. Nf2 Bf5 56. g4 Bxg4+ 57. Kg3 Rh5 58. Nxg4+ Ke6 59. Re2+ Kd6 60.
Kf4 Ra5 61. Nf6 Ra1 62. Ne4+ Ke6 63. Nc3+ Kd6 64. Rd2+ Ke6 65. Rb2 Rf1+ 66. Ke4
Re1+ 67. Kd4 Kf5 68. Rb8 Ra1 69. Re8 Ra5 70. Rf8+ Ke6 71. Ne4 Ra4+ 72. Ke3 Ra3+
73. Kf4 Ra7 74. Rf6+ Kd5 75. Rd6+ Kc4 76. Rd1 Rh7 77. Kf5 Rh5+ 78. Ke6 Rh6+ 79.
Kd7 Rg6 80. Nd6+ Kc5 81. Nf5 Kc4 82. Ne3+ Kc3 83. Nd5+ 1/2-1/2

[Event "Hastings Masters 2018-19"]
[Site "Hastings ENG"]
[Date "2019.01.06"]
[Round "10.2"]
[White "Hawkins, Jonathan"]
[Black "Taylor, Adam C"]
[Result "1/2-1/2"]
[WhiteTitle "GM"]
[BlackTitle "FM"]
[WhiteElo "2569"]
[BlackElo "2356"]
[WhiteFideId "412686"]
[BlackFideId "424668"]
[EventDate "2018.12.28"]

1. Nf3 d5 2. c4 e6 3. g3 Nf6 4. Bg2 Be7 5. d4 O-O 6. Nc3 dxc4 7. Ne5 Nc6 8. Bxc6
bxc6 9. Nxc6 Qe8 10. Nxe7+ Qxe7 11. Qa4 c5 12. dxc5 Qxc5 13. Be3 Qc7 14. Rd1 Bb7
15. f3 Nd5 16. Bd4 Rfd8 17. O-O e5 18. Nxd5 Rxd5 19. Bc3 Qc5+ 20. Kg2 e4 21.
Rxd5 Qxd5 22. Qd1 exf3+ 23. exf3 Qd3 24. Re1 Rd8 25. Qe2 h5 26. Qf2 Bc6 27. h3
a6 28. Re3 Qb1 29. Re1 Qd3 30. Re3 Qb1 31. Re1 1/2-1/2

[Event "Hastings Masters 2018-19"]
[Site "Hastings ENG"]
[Date "2019.01.06"]
[Round "10.3"]
[White "Korneev, Oleg"]
[Black "Stefansson, Vignir Vatnar"]
[Result "1-0"]
[WhiteTitle "GM"]
[BlackTitle "FM"]
[WhiteElo "2545"]
[BlackElo "2248"]
[WhiteFideId "4156803"]
[BlackFideId "2308649"]
[EventDate "2018.12.28"]

1. e4 d5 2. exd5 Qxd5 3. Nc3 Qd6 4. d4 Nf6 5. Nf3 c6 6. Ne5 Nbd7 7. Nc4 Qc7 8.
Qf3 Nb6 9. Bf4 Qd7 10. Nxb6 axb6 11. O-O-O e6 12. Bc4 Nd5 13. h4 Bb4 14. Ne4 O-O
15. Kb1 b5 16. Bb3 b6 17. h5 f5 18. Ng5 h6 19. Nh3 Bb7 20. Bxd5 Qxd5 21. Qxd5
exd5 22. Be5 Be7 23. Nf4 Bg5 24. Ne6 Rf7 25. Nxg5 hxg5 26. h6 gxh6 27. Rxh6 Rh7
28. Rdh1 Rxh6 29. Rxh6 Bc8 30. Rxc6 Kf7 31. Rf6+ Ke7 32. Rxb6 Bd7 33. Bf6+ 1-0

[Event "Hastings Masters 2018-19"]
[Site "Hastings ENG"]
[Date "2019.01.06"]
[Round "10.4"]
[White "Lalic, Bogdan"]
[Black "Sulskis, Sarunas"]
[Result "0-1"]
[WhiteTitle "GM"]
[BlackTitle "GM"]
[WhiteElo "2418"]
[BlackElo "2529"]
[WhiteFideId "409081"]
[BlackFideId "12800112"]
[EventDate "2018.12.28"]

1. d4 e6 2. c4 Nf6 3. Nf3 d5 4. g3 Be7 5. Bg2 O-O 6. O-O dxc4 7. Qc2 b6 8. Bg5
Nd5 9. Bxe7 Qxe7 10. Qxc4 Ba6 11. Qc2 Nd7 12. Nc3 Nxc3 13. Qxc3 Bxe2 14. Rfe1
Bxf3 15. Bxf3 Rac8 16. Bb7 Rb8 17. Qxc7 Qd8 18. Rac1 Nf6 19. Red1 a5 20. Rd3
Qxc7 21. Rxc7 Rfd8 22. Bf3 g5 23. h3 Rd6 24. Bc6 Kg7 25. Re3 h6 26. Kg2 Kg6 27.
Be4+ Nxe4 28. Rxe4 Rbd8 29. Rb7 Rc8 30. Re3 Rc2 31. Rf3 f5 32. Rb3 Rxd4 33.
R7xb6 Re4 34. Rc3 Rd2 35. Kf1 Rd1+ 36. Kg2 Rd2 37. Kf1 g4 38. hxg4 fxg4 39. f3
Rd1+ 40. Kf2 Rd2+ 41. Kf1 Ree2 42. fxg4 Kg5 43. Rd3 Rf2+ 44. Kg1 Rg2+ 45. Kf1
Rdf2+ 46. Ke1 Re2+ 47. Kf1 Kxg4 48. Rxe6 Ref2+ 49. Ke1 Rxb2 50. Re4+ Kg5 51. Kf1
Rbf2+ 52. Ke1 Rxa2 53. Kf1 Rh2 54. Kg1 Rhg2+ 55. Kf1 Rgb2 56. Rd5+ Kf6 57. g4
Ra1+ 58. Re1 Rxe1+ 59. Kxe1 a4 60. Ra5 Rb4 61. Ke2 Rxg4 62. Kf3 Rc4 63. Ke3 Kg6
64. Kf3 h5 65. Kg3 h4+ 66. Kf3 h3 67. Kg3 Rc3+ 68. Kh2 a3 69. Kg1 Kf6 70. Kh2 0-1

[Event "Hastings Masters 2018-19"]
[Site "Hastings ENG"]
[Date "2019.01.06"]
[Round "10.5"]
[White "Petrov, Martin"]
[Black "Midhun, P U"]
[Result "1-0"]
[WhiteTitle "IM"]
[WhiteElo "2472"]
[BlackElo "2019"]
[WhiteFideId "2911086"]
[BlackFideId "5074940"]
[EventDate "2018.12.28"]

1. d4 Nf6 2. Nf3 e6 3. Bf4 d5 4. e3 Be7 5. Bd3 O-O 6. Nbd2 b6 7. Ne5 Ba6 8. Nc6
Qe8 9. Nxe7+ Qxe7 10. O-O Bxd3 11. cxd3 Rc8 12. Rc1 Qb4 13. Rc2 Na6 14. Qe2 Qb5
15. a3 c5 16. Rfc1 Qe8 17. dxc5 Nxc5 18. d4 Nce4 19. Nxe4 dxe4 20. Qa6 Rxc2 21.
Rxc2 Nd5 22. Qb7 Nxf4 23. exf4 Rd8 24. Qxa7 Rxd4 25. h3 g5 26. Qxb6 Rd1+ 27. Kh2
gxf4 28. Qb7 Rd5 29. Rc8 Rd8 30. Rc4 f5 31. Qc7 f3 32. gxf3 e3 33. Qg3+ Kf8 34.
Rc7 Rd7 35. fxe3 Qd8 36. Rxd7 Qxd7 37. Qf2 Qd3 38. Kg2 e5 39. Qe1 Kf7 40. Qc3
Qe2+ 41. Kg3 Ke6 42. f4 exf4+ 43. exf4 Kf7 44. b3 Kg6 45. a4 Qf1 46. Qe3 Kf7 47.
a5 Kg6 48. b4 Kf7 49. Qa7+ Kg6 50. Qb6+ Kh5 51. Qe3 Qb5 52. Qb3 Qd7 53. Qf3+ Kh6
54. Qc3 Qe6 55. b5 Qg8+ 56. Kf3 Qd5+ 57. Kf2 Qa2+ 58. Kf1 Qb1+ 59. Kf2 Qa2+ 60.
Ke3 Qe6+ 61. Qe5 Qb3+ 62. Kf2 Qc2+ 63. Qe2 Qc5+ 64. Qe3 Qd5 65. a6 Qa2+ 66. Qe2
Qd5 67. a7 Qc5+ 68. Qe3 Qc2+ 69. Kg3 Qa2 70. Qb6+ Kh5 71. Qf2 Qg8+ 72. Kh2 Qd5
73. Qg2 1-0